Сведения об удобствах квартирного размещения всех родов войск в пределах Российской империи и квартирные карты губерний и областей. Радомская губерния (Запись № 2264486)

Подробности
000 -МАРКЕР
контрольное поле 01576nam2a22002771 4500
001 - ИДЕНТИФИКАТОР ЗАПИСИ
контрольное поле v19\rc\1327069
005 - ИДЕНТИФИКАТОР ВЕРСИИ
контрольное поле 20250618120732.0
035 ## - ДРУГИЕ СИСТЕМНЫЕ НОМЕРА
Идентификатор записи (NLR Aleph) 004560307
100 ## - ДАННЫЕ ОБЩЕЙ ОБРАБОТКИ
Данные общей обработки 20060512d1845 |||y0rusy50 ca
101 0# - ЯЗЫК РЕСУРСА
Язык текста, звукозаписи и т.д. русский
102 ## - СТРАНА ПУБЛИКАЦИИ ИЛИ ПРОИЗВОДСТВА
Страна публикации Российская Федерация
105 ## - ПОЛЕ КОДИРОВАННЫХ ДАННЫХ: ТЕКСТОВЫЕ МАТЕРИАЛЫ, МОНОГРАФИЧЕСКИЕ
Кодированные данные о монографическом текстовом документе b z |||||
200 1# - ЗАГЛАВИЕ И СВЕДЕНИЯ ОБ ОТВЕТСТВЕННОСТИ
Основное заглавие Радомская губерния
Сведения, относящиеся к заглавию По материалам Ген. штаба подполк. Гретенфельда
210 ## - ПУБЛИКАЦИЯ, РАСПРОСТРАНЕНИЕ И ДР.
Дата издания, распространения и т.д. 1845
Место издания, распространения и т.д. Б. м.
215 ## - ФИЗИЧЕСКАЯ ХАРАКТЕРИСТИКА
Специфическое обозначение материала и объем [1], 20, 12 с., 1 карт.
461 #0 - УРОВЕНЬ НАБОРА
Встроенное поле 001v19\rc\1327031
-- 2001#$aСведения об удобствах квартирного размещения всех родов войск в пределах Российской империи и квартирные карты губерний и областей$fСост. при 1 Отд-нии Деп. Ген. штаба...$vРадомская губерния
Системный номер (АБИС) связанной записи 2264005
Место публикации Б.м.
Дата публикации 1842-1845
Издание 2-е изд.
Первые сведения об ответственности Сост. при 1 Отд-нии Деп. Ген. штаба...
Заглавие Сведения об удобствах квартирного размещения всех родов войск в пределах Российской империи и квартирные карты губерний и областей
Номер тома Радомская губерния
702 #1 - ИМЯ ЛИЦА - ВТОРИЧНАЯ ОТВЕТСТВЕННОСТЬ
Системный номер авторитетной/нормативной записи z03790
Начальный элемент ввода Гротенфельд
Код отношения Библиографический предшественник
790 #1 - ИМЯ ЛИЦА - АЛЬТЕРНАТИВНАЯ ФОРМА
Системный номер авторитетной/нормативной записи z03702
Начальный элемент ввода Гретенфельд
801 #0 - ИСТОЧНИК ЗАПИСИ
Страна Российская Федерация
Организация NLR
Правила каталогизации psbo
801 #0 - ИСТОЧНИК ЗАПИСИ
Страна Российская Федерация
Организация RuMoRGB
Источник данных psbo
801 #1 - ИСТОЧНИК ЗАПИСИ
Страна Российская Федерация
Организация ProSoft-M
Источник данных rusmarc
852 ## - МЕСТОНАХОЖДЕНИЕ И ШИФР ХРАНЕНИЯ
Идентификатор организации NLR
Шифр хранения (Call Number) Desideratum
899 ## - ДАННЫЕ О МЕСТОНАХОЖДЕНИИ (устаревшее)
Местонахождение RuMoRGB
Шифр хранения U 268/20
942 ## - ДОПОЛНИТЕЛЬНЫЕ ЭЛЕМЕНТЫ ЗАПИСИ (АБИС)
Тип экземпляра АБИС Книга
980 ## - КОЛЛЕКЦИЯ
Название коллекции Национальная библиография
Экземпляры
Тип экземпляра Дата поступления Библиотека постоянного хранения Библиотека текущего хранения Место хранения Шифр хранения Штрих-код Статус экземпляра
Книга 26.10.2013 РНБ (Московский) РНБ (Московский) Русский книжный фонд , подручный Desideratum 4560307-10